Slovenian Political Parties - Statistics

General Stats
  • This quiz has been taken 12 times
  • The average score is 4 of 5
Answer Stats
Ideology Seats Answer % Correct
CommunismEuroscepticism 5 The Left
100%
Christian democracySocial conservatism 8 New Slovenia - Christian Democrats
89%
Social democracyPro Europeanism 7 Social Democrats
89%
Green liberalsPro Europeanism 41 Freedom Movement
78%
NationalismRight wing populism 27 Slovenian Democratic
78%
No matching quizzes found
Score Distribution
Percent of People with Each Score
Percentile by Number Answered
Your Score History
You have not taken this quiz